Disney Pixar Characters beginning with E - Statistics

General Stats
  • This quiz has been taken 4 times
  • The average score is 2 of 8
Answer Stats
Answer % Correct
Edna Mode
67%
Earl
33%
Elastigirl
33%
Emperor Zurg
33%
E.V.E
33%
Elinor
0%
Ellie Fredricksen
0%
Emile
0%
No matching quizzes found
Score Distribution
Percent of People with Each Score
Percentile by Number Answered
Your Score History
You have not taken this quiz